000 00496nam a22001937a 4500
003 MPLRDC
005 20220104114701.0
008 210129b ||||| |||| 00| 0 eng d
020 _a962-04-0979-5
082 _a844.17 HY
100 _a顾易生、徐粹育注译
245 _a韩愈散文选
_c
250 _a一版一刷
260 _a
_b三联书店
_c1992
300 _b
490 _a中国历代散文作家选集
650 _a唐及五代别集--韩愈
942 _cBK
_o844.17 HY
999 _c9409
_d9399